| 000 | 00783 a2200229 4500 | ||
|---|---|---|---|
| 010 | _aENG-89204 | ||
| 020 |
_a9788120333635 _c375.00 |
||
| 035 | _aEN-72737 | ||
| 037 | _bDBAD / PUB | ||
| 082 | 1 | 4 | _a150.9 |
| 090 |
_c10520 _d10520 |
||
| 100 | 1 | _aLawson, Robert B. | |
| 245 | 1 |
_aA history of psychology : _bglobalization, ideas, and applications / _cby Robert b. Lawson, Jean E. Graham, Kristin M. Baker |
|
| 260 |
_aNew Delhi _bPrentice-Hall of India _c2008 |
||
| 300 |
_axxx, 498 p. : _bill. _c25 cm (pbk) |
||
| 500 | _aIncludes index | ||
| 650 | 0 |
_aPsychology _xHistory |
|
| 700 | 1 | _aGraham, Jean E. | |
| 700 | 1 | _aBaker, Kristin M. | |
| 942 |
_adpl _cEN _k150.9 / LAW |
||
| 999 |
_c10246 _d10246 |
||